Algorithmic structural completeness and a retrieval system for proving theorems in algorithmic theories /
Guardado en:
| Autor Principal: | |
|---|---|
| Formato: | Libro |
| Idioma: | English |
| Publicado: |
Katowice :
Wydawn. Uniwersytetu Slaskiego,
2000.
|
| Series: | Prace naukowe Uniwersytetu Slaskiego w Katowicach,
nr. 1901 |
| Etiquetas: |
Agregar Etiqueta
Sin Etiquetas, Sea el primero en etiquetar este registro!
|
| LEADER | 00731nam a22001815a 4500 | ||
|---|---|---|---|
| 001 | MAT.inmabb000229 | ||
| 008 | 010724s2000####pl#a#####b####000#0#eng## | ||
| 005 | 20130312122617.0 | ||
| 245 | 1 | 0 | |a Algorithmic structural completeness and a retrieval system for proving theorems in algorithmic theories / |c Andrzej Biela. |
| 260 | |a Katowice : |b Wydawn. Uniwersytetu Slaskiego, |c 2000. | ||
| 300 | |a 121 p. ; |c 25 cm. | ||
| 440 | 0 | |a Prace naukowe Uniwersytetu Slaskiego w Katowicach, |x 0208-6336 ; |v nr. 1901 | |
| 504 | |a Includes bibliographical references (p. 113-[118]). | ||
| 510 | 4 | |a MR, |c 2002f:03013 | |
| 020 | |a 8322610238 | ||
| 100 | 1 | |a Biela, Andrzej | |
| 084 | |a 03B35 (03-02 03B70 68-02 68T15) |2 msc2000 | ||
| 859 | |h 03 |i B587 |p A-7955 |b BIB. MATEMATICA | ||
